Sketch de Palmashow - Mort Subite #2 - Statistiques

Statistiques générales
  • Ce quiz a été pris 136 fois
  • Le résultat moyen est 6 sur 10
Answers on the Grid
Answers color-coded by a green-red scale on the quiz's grid according to % correct below.
C'est la pub
Hit Clip
Péloche
Quand on est mono de colo
Quand on rencontre son ex
Education nationale
Quand ils veulent serrer une milf
Le rap de Gaspard et Baltazar
Les vendeurs Ikea
Parodis Patron Anonyme
Jean Louis le tyran
Quand ils sont boulangers
Les recettes de Père Poule
Parodis Cauchemar en cuisine
La roue de la grosse thune
Quand on va chez le dentiste
Clip "Loin de toi toi toi"
Le génie de la gourde
Quand ils passent le permis
Les bodybuilders
 
Statistiques - réponses
Réponse % Correct
Les vendeurs Ikea
75%
Le rap de Gaspard et Baltazar
74%
Quand on rencontre son ex
63%
C'est la pub
62%
Hit Clip
62%
Quand on est mono de colo
59%
Parodis Patron Anonyme
58%
Quand ils veulent serrer une milf
56%
Education nationale
35%
Péloche
25%
Aucun quiz correspondant
Distribution des résultats
% des personnes avec chaque résultat
Percentile par nombre de réponses
Votre historique - résultats
Vous n’avez pas pris ce quiz